Malvinas, una guerra inevitable ; (Record no. 84723)

MARC details
000 -LEADER
campo de control de longitud fija 01001nam a2200253 4500
001 - NÚMERO DE CONTROL
campo de control 84723
003 - IDENTIFICADOR DE NÚMERO DE CONTROL
campo de control SpMaBN
005 - FECHA Y HORA DE LA ÚLTIMA TRANSACCIÓN
campo de control 20250814053515.0
008 - DATOS DE LONGITUD FIJA--INFORMACIÓN GENERAL
campo de control de longitud fija 210903s1982 sp 001 0dspa
020 ## - NÚMERO INTERNACIONAL ESTÁNDAR DEL LIBRO
Número Internacional Estándar del Libro 84-300-7232-2
080 ## - NÚMERO DE LA CLASIFICACIÓN DECIMAL UNIVERSAL
Número de la Clasificación Decimal Universal 982"1982":133.528.7
080 ## - NÚMERO DE LA CLASIFICACIÓN DECIMAL UNIVERSAL
Número de la Clasificación Decimal Universal 1 Nostradamus
100 1# - ENTRADA PRINCIPAL--NOMBRE DE PERSONA
Nombre de persona Fulcan, A. G.
9 (RLIN) 173695
245 10 - MENCIÓN DEL TÍTULO
Título Malvinas, una guerra inevitable ;
Resto del título (Nostradamus, profeta del Acuario) /
Mención de responsabilidad, etc. A.G. Fulcan.
260 ## - PUBLICACIÓN, DISTRIBUCIÓN, ETC.
Lugar de publicación, distribución, etc. Madrid :
Nombre del editor, distribuidor, etc. Escuela de Estudios Esotéricos,
Fecha de publicación, distribución, etc. [1982]
300 ## - DESCRIPCIÓN FÍSICA
Extensión 125 p. ;
Dimensiones 20 cm.
505 8# - NOTA DE CONTENIDO CON FORMATO
Nota de contenido con formato Contiene: Nostradamus ; Las Malvinas ; Las Centurias y el Acuario ; La Escuela de Estudios Esotéricos: resumen del documento fundacional
600 04 - PUNTO DE ACCESO ADICIONAL DE MATERIA--NOMBRE DE PERSONA
Nombre de persona Nostradamus (
Fechas asociadas al nombre 1503-1566)
9 (RLIN) 166884
650 #4 - PUNTO DE ACCESO ADICIONAL DE MATERIA--TÉRMINO DE MATERIA
Término de materia o nombre geográfico como elemento de entrada Guerra de las Malvinas, 1982.
9 (RLIN) 173696
650 #7 - PUNTO DE ACCESO ADICIONAL DE MATERIA--TÉRMINO DE MATERIA
Término de materia o nombre geográfico como elemento de entrada Profecías (Ocultismo)
Fuente del encabezamiento o término embne
9 (RLIN) 166883
852 4# - LOCALIZACIÓN
Ubicación ES-MaACL
Número de control de estantería A-14786
itemnumber 87838
Sublocalización o colección R.152277
Ubicación en estantería Depósito 1
Signatura antigua Olim: N-7786
Donativo/Legado Donación: Sección Pensamiento Marginal
942 ## - ELEMENTOS DE ENTRADA SECUNDARIOS (KOHA)
Fuente del sistema de clasificación o colocación Clasificación decimal universal
Holdings
Estatus retirado Estado de pérdida Fuente del sistema de clasificación o colocación Estado de daño No para préstamo Biblioteca de origen Biblioteca actual Ubicación en estantería Fecha de adquisición Fuente de adquisición Total de préstamos Signatura topográfica completa Código de barras Visto por última vez Precio de reemplazo Tipo de ítem Koha
    Clasificación decimal universal     Biblioteca del Ateneo de Madrid Biblioteca del Ateneo de Madrid Depósito 1 03/09/2021 Donación   A-14786 1202704 23/02/2023 23/02/2023 Libro impreso